Schaum's 3000 solved problems in chemistry (Record no. 7785)

000 -LEADER
fixed length control field 00607 a2200181 4500
020 ## - INTERNATIONAL STANDARD BOOK NUMBER
International Standard Book Number 0070236658
040 ## - CATALOGING SOURCE
Original cataloging agency DLC
Language of cataloging DLC
082 00 - DEWEY DECIMAL CLASSIFICATION NUMBER
Classification number 540.7/6
100 1# - MAIN ENTRY--PERSONAL NAME
Personal name Goldberg, David E.
245 10 - TITLE STATEMENT
Title Schaum's 3000 solved problems in chemistry
Statement of responsibility, etc. David E. Goldberg.
260 ## - PUBLICATION, DISTRIBUTION, ETC.
Place of publication, distribution, etc. New York :
Name of publisher, distributor, etc. McGraw-Hill,
Date of publication, distribution, etc. c1988.
300 ## - PHYSICAL DESCRIPTION
Extent v, 606 p. :
Other physical details ill. ;
Dimensions 28 cm.
650 #0 - SUBJECT ADDED ENTRY--TOPICAL TERM
Topical term or geographic name entry element Chemistry
General subdivision Problems, exercises, etc.
740 0# - ADDED ENTRY--UNCONTROLLED RELATED/ANALYTICAL TITLE
Uncontrolled related/analytical title Schaum's three thousand solved problems in chemistry.
740 0# - ADDED ENTRY--UNCONTROLLED RELATED/ANALYTICAL TITLE
Uncontrolled related/analytical title 3000 solved problems in chemistry.
740 0# - ADDED ENTRY--UNCONTROLLED RELATED/ANALYTICAL TITLE
Uncontrolled related/analytical title Three thousand solved problems in chemistry.
942 ## - ADDED ENTRY ELEMENTS (KOHA)
Koha item type Book
Call number prefix 540.76 GOL
Source of classification or shelving scheme
Holdings
Withdrawn status Lost status Damaged status Not for loan Collection code Permanent Location Current Location Shelving location Date acquired Source of acquisition Cost, normal purchase price Total Checkouts Total Renewals Full call number Barcode Date last seen Date last checked out Price effective from Koha item type
          Central Library (CL) Central Library (CL) General Stacks 01/16/2007 Allied Book Company 1618.10 7 2 540.76 GOL SEECS007998 01/31/2025 10/29/2024 01/05/2017 Book
          Central Library (CL) Central Library (CL) General Stacks 01/16/2007 Allied Book Company 1618.10 1   540.76 GOL SEECS007999 01/01/2020 01/23/2019 01/05/2017 Book
© 2023 Central Library, National University of Sciences and Technology. All Rights Reserved.